| 000 | 00496nab a2200145Ia 4500 | ||
|---|---|---|---|
| 003 | ES-SlBCS | ||
| 005 | 20210601123720.0 | ||
| 008 | 140529s1991 xxu||||| |||| 00| 0 spa d | ||
| 041 | _aspa | ||
| 110 | 2 |
_aInvestigación y Ciencia _9128039 |
|
| 245 | 0 | 0 |
_a¿Puede Japón frenar el calentamiento global? _cINVESTIGACIÓN Y CIENCIA |
| 650 | 0 | 4 |
_aCalentamiento Global _9128215 |
| 773 | 0 |
_tInvestigacion y Ciencia (Traducción de: Scientific American) _gnº. 183, 1991, págs. 47 _wRev1650 |
|
| 942 | _cAR | ||
| 999 |
_c502351 _d502351 |
||